|
|
|
|
| LEADER |
00575cam a2200193 7i4500 |
| 001 |
0000016713 |
| 005 |
20060104090000.0 |
| 020 |
0 |
0 |
|a 1-84162-104-8
|
| 090 |
0 |
0 |
|a MADG 916.9104
|b BRA
|
| 100 |
1 |
0 |
|a Bradt
|
| 245 |
1 |
0 |
|a Madagascar :
|b The Bradt travel guide.
|
| 250 |
0 |
0 |
|a 8th ed.
|
| 260 |
0 |
0 |
|a Connecticut:
|b The Globe Pequot Press,
|c 2005.
|
| 300 |
# |
# |
|a 466 p.
|
| 440 |
0 |
0 |
|a Bradt Travel Guides
|
| 650 |
0 |
0 |
|a Guidebooks --
|z Madagascar
|
| 650 |
0 |
0 |
|a Guidebooks --
|x Description --
|z Madagascar
|
| 651 |
0 |
0 |
|a Madagascar
|
| 999 |
|
|
|a B000017851
|b Book
|c Countries
|e Business Information Centre
|